| 000 | 00000nam##2200000za#4500 |
| 001 | 9.696824 |
| 003 | CaOODSP |
| 005 | 20210624235216 |
| 007 | cr ||||||||||| |
| 008 | 150407|1999||||xxc|||||o f|0| 0 eng|d |
| 040 | |aCaOODSP|beng |
| 043 | |an-cn--- |
| 086 | 1 |aE97-54/1999E-PDF |
| 110 | 1 |aCanada.|bInternational Development Research Centre. |
| 245 | 10|aViet Nam at the crossroads : |h[electronic resource]|bthe role of science and technology / |c[by] K. Bezanson, ... [et al.]. |
| 260 | |bInternational Development Research Centre |cJanuary 1999. |
| 300 | |a194p.|bfigs., graphs, references, tables |
| 590 | |a12-41-Supp|b2012-11-07 |
| 690 | 07|aRegional development|2gcpds |
| 720 | 1 |aBezanson, K. |
| 856 | 40|ahttp://publications.gc.ca|qPDF|s7.97 MB|uhttps://publications.gc.ca/collections/collection_2012/crdi-idrc/E97-54-1999-eng.pdf |